[Event "Ogolnopolska Olimpiada Mlodziezy w Sportach Umyslowych - C14"]
[Site "Walbrzych, Zamek Ksiaz"]
[Date "2013-04-17"]
[Round "7.7"]
[White "Nowak, Kamil"]
[Black "Walter, Szymon"]
[Result "1/2-1/2"]
[WhiteTitle "II+"]
[BlackTitle "I+"]
[WhiteElo "1728"]
[BlackElo "1925"]

1. e4 c5 2. Nf3 Nc6 3. d4 cxd4 4. Nxd4 Nf6 5. Nc3 e6 6. Ndb5 Bb4 7. Bf4 O-O 8.
Bc7 Qe7 9. Bd6 Bxd6 10. Qxd6 Ne8 11. Qxe7 Nxe7 12. O-O-O a6 13. Nd6 Nxd6 14. Rxd6
b5 15. f4 Rd8 16. Be2 Bb7 17. Rhd1 Bc6 18. Bf3 Kf8 19. Ne2 Ke8 20. Nd4 Bb7 21.
Nb3 Nc8 22. R6d3 Ra7 23. Na5 Ba8 24. Kb1 Rc7 25. b4 Ke7 26. Nb3 d6 27. Nc5 Rf8
28. Nb3 Rd8 29. Nc5 Rf8 30. Nb3 Rd8 31. Nc5 Rf8 1/2-1/2

[Event "Ogolnopolska Olimpiada Mlodziezy w Sportach Umyslowych - C14"]
[Site "Walbrzych, Zamek Ksiaz"]
[Date "2013-04-17"]
[Round "7.8"]
[White "Januszkiewicz, Wojciech"]
[Black "Szostko, Jakub"]
[Result "1-0"]
[WhiteTitle "I"]
[BlackTitle "I+"]
[WhiteElo "1729"]
[BlackElo "1858"]

1. e4 c5 2. Nf3 d6 3. d4 cxd4 4. Nxd4 Nf6 5. Nc3 e6 6. Bg5 Be7 7. f4 h6 8. Bb5+
Nbd7 9. Bxf6 Bxf6 10. f5 Qb6 11. fxe6 Qxd4 12. exd7+ Bxd7 13. Bxd7+ Kxd7 14. Qg4+
Ke7 15. Nd5+ Kf8 16. c3 Qe5 17. O-O Re8 18. Rae1 Re6 19. Rf5 h5 20. Qf3 1-0

[Event "Ogolnopolska Olimpiada Mlodziezy w Sportach Umyslowych - C14"]
[Site "Walbrzych, Zamek Ksiaz"]
[Date "2013-04-17"]
[Round "7.9"]
[White "Zaleski, Lukasz"]
[Black "Janiszewski, Filip"]
[Result "0-1"]
[WhiteTitle "I"]
[BlackTitle "I"]
[WhiteElo "1791"]
[BlackElo "1745"]

1. Nf3 d5 2. g3 c6 3. Bg2 Bg4 4. h3 Bf5 5. O-O Nd7 6. d3 e6 7. Nh4 Bg6 8. e4 Be7
9. Nxg6 hxg6 10. Qe2 Bf6 11. exd5 cxd5 12. Bxd5 Qb6 13. Nc3 Rxh3 14. Kg2 Rh7 15.
Bf3 Ne7 16. Bd2 Nf5 17. Nd5 Qd8 18. Bc3 Bxc3 19. bxc3 Kf8 20. Nf4 Qg5 21. Rh1
Nh4+ 22. Rxh4 Rxh4 23. Nh3 Rxh3 24. Kxh3 Qc5 25. c4 Rb8 26. Kg2 Ne5 27. Rb1 Nxf3
28. Qxf3 Qc7 29. Qe4 a6 30. a4 b6 31. g4 Ke7 32. Kf3 Rh8 33. Ke2 Rd8 34. Rb2 Rd7
35. Qe3 Rd6 36. Qe5 f6 37. Qe4 Kf7 38. f4 f5 39. Qe3 Qc6 40. Qf3 Qc7 41. g5 Rd4
42. a5 Rxf4 43. axb6 Qe5+ 44. Qe3 Qxb2 45. Qxf4 Qxb6 46. d4 a5 47. Kd3 a4 48.
d5 a3 49. Qe5 a2 50. dxe6+ Qxe6 51. Qa5 Qe4+ 52. Kd2 Qd4+ 53. Ke2 a1=Q 54. Qc7+
Kf8 55. Qc8+ Ke7 56. Qc7+ Qd7 57. Qc5+ Qd6 0-1

[Event "Ogolnopolska Olimpiada Mlodziezy w Sportach Umyslowych - C14"]
[Site "Walbrzych, Zamek Ksiaz"]
[Date "2013-04-17"]
[Round "7.10"]
[White "Mockun, Dawid"]
[Black "Adamczewski, Maciej"]
[Result "0-1"]
[WhiteTitle "II+"]
[BlackTitle "I"]
[WhiteElo "1749"]
[BlackElo "1810"]

1. d4 Nf6 2. Nf3 g6 3. c4 Bg7 4. Nc3 d6 5. Bg5 h6 6. Bh4 Bf5 7. e3 Nbd7 8. Be2
O-O 9. O-O g5 10. Bg3 Bg6 11. h4 Nh5 12. Bh2 g4 13. Ne1 f5 14. e4 e6 15. d5 Bxc3
16. bxc3 Ndf6 17. exf5 exf5 18. Bd3 Nd7 19. Bg3 Qf6 20. Nc2 Nc5 21. Bh2 Qxh4 22.
Nd4 Rae8 23. Qc2 Qg5 24. Ne6 Nxe6 25. dxe6 Rxe6 26. c5 Ref6 27. cxd6 cxd6 28.
Rab1 b6 29. Rb5 Ng7 30. Rd5 Rd8 31. f4 Qh5 32. g3 Bf7 33. Rb5 Be8 34. Rbb1 Bc6
35. Rfe1 Re8 36. Qf2 Qf7 37. Bf1 Be4 38. Rbd1 Rc8 39. Re3 d5 40. Bg2 Rfc6 41.
Qd2 Ne6 42. Bxe4 dxe4 43. Kg2 Rd8 44. Qe2 Rcd6 45. Rxd6 Rxd6 46. Bg1 Qd7 47. Bf2
Rd2 48. Qf1 Rxa2 49. Qc4 Rd2 50. Re1 Kg7 51. Kg1 h5 52. Be3 Rd3 53. Kg2 Rd6 54.
Rb1 Qc6 55. Qb4 Kf7 56. Rh1 Kg6 57. Rb1 Rd3 58. Bd4 e3+ 59. Kg1 Rd2 0-1

[Event "Ogolnopolska Olimpiada Mlodziezy w Sportach Umyslowych - C14"]
[Site "Walbrzych, Zamek Ksiaz"]
[Date "2013-04-17"]
[Round "7.11"]
[White "Czerniawski, Krzysztof"]
[Black "Adamczyk, Pawel"]
[Result "1-0"]
[WhiteTitle "I"]
[BlackTitle "II"]
[WhiteElo "1696"]
[BlackElo "1645"]

1. e4 c5 2. Nc3 e6 3. f4 d5 4. Nf3 d4 5. Ne2 Nf6 6. d3 Nc6 7. g3 b6 8. Bg2 Bb7
9. O-O Be7 10. h3 Rc8 11. g4 h6 12. Ng3 Qc7 13. Qe1 Nb4 14. Qf2 c4 15. a3 Na6
16. g5 Nd7 17. Nh5 g6 18. Ng7+ Kf8 19. f5 Kxg7 20. fxe6 fxe6 21. Nxd4 Rhf8 22.
Nxe6+ Kg8 23. Qxf8+ Rxf8 24. Rxf8+ Bxf8 25. Nxc7 Nxc7 26. d4 Ne6 27. c3 hxg5 28.
Bd2 Nf4 29. Bxf4 gxf4 30. Re1 Nf6 31. e5 Bxg2 32. Kxg2 Nd5 33. Kf3 Kf7 34. Ke4
Ne3 35. Re2 Ke6 36. Kxf4 Bh6+ 37. Ke4 Nd5 38. Rg2 Nf4 39. Rg4 g5 40. h4 Nh3 41.
d5+ Ke7 42. Kf5 Nf2 43. Rg2 Nd1 44. Kg6 1-0

[Event "Ogolnopolska Olimpiada Mlodziezy w Sportach Umyslowych - C14"]
[Site "Walbrzych, Zamek Ksiaz"]
[Date "2013-04-17"]
[Round "7.12"]
[White "Belczewski, Jacek"]
[Black "Snihur, Adam"]
[Result "1/2-1/2"]
[WhiteTitle "II+"]
[BlackTitle "II"]
[WhiteElo "1650"]
[BlackElo "1683"]

1. c4 e6 2. Nc3 d5 3. d4 Nf6 4. Bg5 Nbd7 5. Nf3 c6 6. e3 Be7 7. Bd3 dxc4 8. Bxc4
b5 9. Bd3 a6 10. O-O Bb7 11. Qc2 O-O 12. Bxf6 Nxf6 13. Ne4 Nxe4 14. Bxe4 f5 15.
Bd3 c5 16. Be2 Rc8 17. Qd2 c4 18. Rac1 Bd5 19. Ne5 Bd6 20. f4 Qe7 21. Bf3 Rc7
22. Qc2 Bxf3 23. Rxf3 Rfc8 24. e4 g6 25. Rg3 Bxe5 26. fxe5 Rd8 27. exf5 exf5 28.
Qxf5 Rxd4 29. Rf1 Rd8 30. e6 Rf8 31. Qe4 Rxf1+ 32. Kxf1 b4 33. Rf3 Qe8 34. Qd5
Re7 35. Qxc4 Rxe6 36. Qxb4 Qb5+ 37. Qxb5 axb5 38. Rb3 Re5 39. Kf2 Kf7 40. g3 g5
41. Kf3 Kf6 42. g4 Rc5 43. Rc3 Rd5 44. Rc6+ Ke5 45. Ke3 b4 46. Rb6 Ra5 47. Rxb4
Rxa2 48. Rb5+ Kf6 49. Kd4 Ra4+ 50. b4 Ra2 51. Rb6+ Kg7 52. Rd6 Rxh2 53. Kc5 Rh4
54. Rd4 h5 55. gxh5 Rxh5 56. Kc6 Kg6 57. b5 Rh1 58. b6 Rc1+ 59. Kd7 Rb1 60. Rd6+
Kf5 61. Kc7 g4 62. b7 Rxb7+ 63. Kxb7 g3 64. Rd3 Kf4 65. Kc6 g2 66. Rd1 Kf3 67.
Kd5 Kf2 68. Ke4 g1=Q 69. Rxg1 Kxg1 1/2-1/2

[Event "Ogolnopolska Olimpiada Mlodziezy w Sportach Umyslowych - C14"]
[Site "Walbrzych, Zamek Ksiaz"]
[Date "2013-04-17"]
[Round "7.13"]
[White "Fudalej, Slawomir"]
[Black "Oleszek, Maciej"]
[Result "1/2-1/2"]
[WhiteTitle "II+"]
[BlackTitle "II+"]
[WhiteElo "1620"]
[BlackElo "1667"]

1. e4 c5 2. Nf3 a6 3. c4 Nf6 4. Nc3 Nc6 5. d4 cxd4 6. Nxd4 e6 7. Be3 Bb4 8. Qc2
d5 9. exd5 exd5 10. a3 Nxd4 11. Bxd4 Bxc3+ 12. Qxc3 Qe7+ 13. Be2 dxc4 14. Qxc4
Be6 15. Qd3 b5 16. Qe3 Rc8 17. O-O O-O 18. Rac1 Rfd8 19. Bf3 Qd7 20. Bxf6 gxf6
21. Rfd1 Rxc1 22. Qxc1 Qc8 23. Rxd8+ Qxd8 24. Qc3 Kg7 25. b4 Qd7 26. h3 Bc4 27.
Qe3 Qd8 28. Bb7 a5 29. Qg3+ Kh8 30. Qc3 axb4 31. axb4 Qd1+ 32. Kh2 Qd6+ 33. g3
Qb6 34. Qf3 Qd6 35. Be4 Qxb4 36. Qxf6+ Kg8 37. Qh6 Qc5 38. Bxh7+ Kh8 39. Be4+
Kg8 40. Bh7+ Kh8 41. Be4+ Kg8 1/2-1/2

[Event "Ogolnopolska Olimpiada Mlodziezy w Sportach Umyslowych - C14"]
[Site "Walbrzych, Zamek Ksiaz"]
[Date "2013-04-17"]
[Round "7.14"]
[White "Szulc, Filip"]
[Black "Kotarski, Bartosz"]
[Result "1-0"]
[WhiteTitle "II+"]
[BlackTitle "II"]
[WhiteElo "1615"]
[BlackElo "1449"]

1. e4 c5 2. Nf3 e6 3. d4 cxd4 4. Nxd4 Nf6 5. Nc3 d6 6. Be3 a6 7. Be2 Be7 8. Qd2
O-O 9. O-O b5 10. a3 Bb7 11. f3 Nbd7 12. Rad1 d5 13. exd5 Nxd5 14. Nxd5 Bxd5 15.
Rfe1 Bf6 16. Bf1 Ne5 17. Bf4 Ng6 18. Be3 Nh4 19. Qf2 Qc7 20. Bd3 Rfd8 21. c3 e5
22. Nf5 Nxf5 23. Bxf5 Qc4 24. Rxd5 Rxd5 25. Be4 Rad8 26. Bxd5 Rxd5 27. Qe2 Qb3
28. g3 a5 29. Bb6 Bd8 30. Bxd8 Rxd8 31. Qxe5 h6 32. Qe2 Qd5 33. Kf2 h5 34. Qe5
Qc4 35. Re2 h4 36. Qe7 hxg3+ 37. hxg3 Rd1 38. Qe8+ Kh7 39. Qe4+ Qxe4 40. Rxe4
Rd2+ 41. Re2 Rd3 42. Rc2 Kg6 43. Ke2 Rd8 44. c4 Re8+ 45. Kd3 Rd8+ 46. Ke3 bxc4
47. Rxc4 Rb8 48. b4 f6 49. Kd4 Rd8+ 50. Kc3 axb4+ 51. axb4 Ra8 52. Kb3 Kf5 53.
b5 Ke5 54. Kb4 Kd5 55. Rc7 g5 56. Rc6 Rf8 57. Rc3 Ra8 58. Rd3+ Ke6 59. b6 Ke5
60. Kb5 Kf5 61. b7 Re8 62. Kb6 g4 63. fxg4+ Kxg4 64. Ka7 Re1 65. b8=Q Ra1+ 66.
Kb7 Rb1+ 67. Kc8 Rxb8+ 68. Kxb8 1-0

[Event "Ogolnopolska Olimpiada Mlodziezy w Sportach Umyslowych - C14"]
[Site "Walbrzych, Zamek Ksiaz"]
[Date "2013-04-17"]
[Round "7.15"]
[White "Krasinski, Mateusz"]
[Black "Michalski, Filip"]
[Result "0-1"]
[WhiteTitle "II"]
[BlackTitle "II"]
[WhiteElo "1646"]
[BlackElo "1665"]

1. e4 e6 2. d4 d5 3. e5 c5 4. c3 b6 5. Nf3 Qd7 6. Bd3 Ba6 7. O-O Ne7 8. Bxa6 Nxa6
9. b3 Nb8 10. Bb2 Nbc6 11. Na3 Nf5 12. Rc1 Be7 13. g4 Nh4 14. Nxh4 Bxh4 15. f4
Be7 16. Nc2 f6 17. Qf3 O-O-O 18. c4 fxe5 19. cxd5 exd5 20. fxe5 Rhf8 21. Qg3 Rxf1+
22. Rxf1 cxd4 23. Kh1 d3 24. Qxd3 Qxg4 25. Qxh7 Qe2 26. Qf5+ Kb8 27. Nd4 Nxd4
28. Bxd4 Rf8 29. Qxf8+ Bxf8 30. Rxf8+ Kb7 31. e6 Qe4+ 0-1

[Event "Ogolnopolska Olimpiada Mlodziezy w Sportach Umyslowych - C14"]
[Site "Walbrzych, Zamek Ksiaz"]
[Date "2013-04-17"]
[Round "7.16"]
[White "Slomczewski, Michal"]
[Black "Kaczkowski, Maciej"]
[Result "1/2-1/2"]
[WhiteTitle "II"]
[BlackTitle "II"]
[WhiteElo "1541"]
[BlackElo "1651"]

1. e4 e5 2. Nf3 Nc6 3. Bb5 a6 4. Bxc6 dxc6 5. h3 c5 6. d3 Bd6 7. Nbd2 b5 8. a4
c6 9. b3 Ne7 10. Bb2 Ng6 11. O-O O-O 12. Re1 Qe8 13. Nf1 f6 14. c3 Bb7 15. Qc2
Nf4 16. Ng3 Rc8 17. Rad1 Qg6 18. Nh4 Qf7 19. Nhf5 Rfd8 20. Nxd6 Rxd6 21. Ba3 Ne6
22. Ne2 Rd7 23. Rf1 a5 24. f4 exf4 25. Nxf4 b4 26. Bb2 Rcd8 27. c4 Bc8 28. e5
fxe5 29. Nxe6 Qxe6 30. Rfe1 Re7 31. Rxe5 Qd6 32. Qe2 Rde8 33. Re1 Rxe5 34. Bxe5
Qg6 35. Kh2 Rd8 36. Qf2 Qxd3 37. Rf1 Be6 38. Qg3 Qg6 39. Qxg6 hxg6 40. Rf3 Bf5
41. Bc7 Rd3 42. Bxa5 Rxf3 43. gxf3 Bc2 44. Bb6 Bxb3 45. Bxc5 Bxa4 46. Bxb4 1/2-1/2

[Event "Ogolnopolska Olimpiada Mlodziezy w Sportach Umyslowych - C14"]
[Site "Walbrzych, Zamek Ksiaz"]
[Date "2013-04-17"]
[Round "7.17"]
[White "Klementowski, Dawid"]
[Black "Choina, Michal"]
[Result "1-0"]
[WhiteTitle "I"]
[BlackTitle "II"]
[WhiteElo "1734"]
[BlackElo "1575"]

1. e4 c6 2. d4 d5 3. exd5 cxd5 4. Bd3 Nc6 5. c3 Nf6 6. Bf4 e6 7. Nf3 Bd6 8. Bxd6
Qxd6 9. Qe2 O-O 10. Nbd2 b6 11. O-O Bb7 12. Rae1 Rfd8 13. Ne5 Qc7 14. f4 h6 15.
Kh1 Nd7 16. f5 Ndxe5 17. dxe5 exf5 18. Bxf5 Ne7 19. e6 Nxf5 20. Rxf5 fxe6 21.
Qxe6+ Kh8 22. Rf7 Qc6 23. Qg4 Rg8 24. Ree7 d4 25. Nf3 Qc8 26. Rxg7 1-0

[Event "Ogolnopolska Olimpiada Mlodziezy w Sportach Umyslowych - C14"]
[Site "Walbrzych, Zamek Ksiaz"]
[Date "2013-04-17"]
[Round "7.18"]
[White "Ruttar, Lukasz"]
[Black "Szmer, Aleksander"]
[Result "1-0"]
[WhiteTitle "II"]
[BlackTitle "I"]
[WhiteElo "1471"]
[BlackElo "1739"]

1. e4 e6 2. d4 d5 3. exd5 exd5 4. c4 c6 5. Nc3 Nf6 6. Nf3 h6 7. h3 Bd6 8. cxd5
cxd5 9. Bd3 O-O 10. O-O Nc6 11. a3 Re8 12. Re1 Bd7 13. b4 Rc8 14. Bb2 Rxe1+ 15.
Qxe1 Be6 16. Rc1 Qd7 17. Ne5 Bxe5 18. dxe5 Ne8 19. Ne2 Bf5 20. Nf4 Nc7 21. Qd2
Bxd3 22. Qxd3 a6 23. Rd1 Rd8 24. Qg3 Kh7 25. Nh5 Ne6 26. f4 Ne7 27. Qd3+ Kg8 28.
f5 Ng5 29. f6 Ng6 30. fxg7 Qb5 31. Qxb5 axb5 32. Rxd5 Rxd5 33. Nf6+ Kxg7 34. Nxd5
Ne6 35. Nb6 Kf8 36. Nc8 Nc7 37. Kf1 Nf4 38. Bc1 Nd3 39. Bxh6+ Kg8 40. Nd6 Nxe5
41. Nxb7 Nc4 42. Bc1 Ne6 43. Nc5 Nd4 44. a4 bxa4 45. Nxa4 Kg7 46. Bb2 Nxb2 47.
Nxb2 1-0

[Event "Ogolnopolska Olimpiada Mlodziezy w Sportach Umyslowych - C14"]
[Site "Walbrzych, Zamek Ksiaz"]
[Date "2013-04-17"]
[Round "7.19"]
[White "Pytel, Przemyslaw"]
[Black "Badyra, Wasyl"]
[Result "1/2-1/2"]
[WhiteTitle "II"]
[BlackTitle "II"]
[WhiteElo "1389"]
[BlackElo "1681"]

1. e4 d5 2. exd5 Nf6 3. Nc3 Nxd5 4. Nxd5 Qxd5 5. d3 Nc6 6. Be3 e5 7. Nf3 Be7 8.
Be2 Be6 9. O-O h6 10. a3 f5 11. c4 Qd7 12. b4 Bf6 13. Rb1 O-O 14. Re1 g5 15. b5
Ne7 16. d4 e4 17. Ne5 Bxe5 18. dxe5 Ng6 19. Qxd7 Bxd7 20. Bd4 b6 21. Red1 Rad8
22. Bc3 Nf4 23. Bf1 Be6 24. g3 Ng6 25. Be2 g4 26. Kf1 Kf7 27. Ke1 Bc8 28. Rb4
Rxd1+ 29. Bxd1 Rd8 30. Be2 Bb7 31. Ra4 Ra8 32. Rb4 a5 33. Rb1 Rd8 34. c5 Ke6 35.
c6 Bc8 36. Bc4+ Ke7 37. Rd1 Rxd1+ 38. Kxd1 Be6 39. Bxe6 Kxe6 40. Bd2 h5 41. Kc2
h4 42. gxh4 Nxh4 43. Bg5 Nf3 44. Bd8 Nd4+ 45. Kb2 Nxb5 46. a4 Nd4 47. Bxc7 Nxc6
48. Bxb6 f4 49. Kc3 Kxe5 50. Bc7+ Kf5 51. Kd2 Nd4 52. Bb6 Nf3+ 53. Ke2 Nxh2 54.
Bxa5 f3+ 55. Ke1 g3 56. Bc7 gxf2+ 57. Kxf2 Ng4+ 58. Kf1 e3 59. Bg3 Ke4 60. a5
f2 61. Ke2 Nf6 62. Bxf2 1/2-1/2

[Event "Ogolnopolska Olimpiada Mlodziezy w Sportach Umyslowych - C14"]
[Site "Walbrzych, Zamek Ksiaz"]
[Date "2013-04-17"]
[Round "7.20"]
[White "Szustakowski, Antoni"]
[Black "Domanski, Lukasz"]
[Result "1/2-1/2"]
[WhiteTitle "II"]
[BlackTitle "II"]
[WhiteElo "1531"]
[BlackElo "1637"]

1. d4 d5 2. c4 c6 3. e3 Nf6 4. Nc3 e6 5. Nf3 Bd6 6. Qc2 Nbd7 7. Be2 O-O 8. O-O
e5 9. dxe5 Nxe5 10. cxd5 cxd5 11. Rd1 Qc7 12. h3 Rd8 13. b3 Qe7 14. Nxd5 Nxd5
15. Rxd5 Nxf3+ 16. Bxf3 Bh2+ 17. Kxh2 Rxd5 18. Bxd5 Qe5+ 19. g3 Qxd5 20. Qd2 Qg5
21. Bb2 Be6 22. Rd1 h6 23. Qd4 f6 24. Qf4 Qh5 25. g4 Qf7 26. Rc1 Rc8 27. Rxc8+
Bxc8 28. Qc4 Qxc4 29. bxc4 Be6 30. Bd4 Bxc4 31. Bxa7 Bxa2 32. Kg3 Kf7 33. Bd4
b5 34. f4 Ke6 35. h4 g6 36. g5 fxg5 37. hxg5 hxg5 38. fxg5 Kd5 39. Kf4 Bb1 40.
Bf6 b4 41. Bd4 b3 42. Bb2 Bf5 43. Bd4 Kc4 44. Ke5 Kd3 45. Kf4 1/2-1/2

[Event "Ogolnopolska Olimpiada Mlodziezy w Sportach Umyslowych - C14"]
[Site "Walbrzych, Zamek Ksiaz"]
[Date "2013-04-17"]
[Round "7.21"]
[White "Molenda, Mikolaj"]
[Black "Bandyk, Sebastian"]
[Result "0-1"]
[WhiteTitle "II"]
[BlackTitle "II+"]
[WhiteElo "1346"]
[BlackElo "1582"]

1. e4 c5 2. Nf3 e6 3. b3 d5 4. exd5 exd5 5. d4 Nf6 6. Bb2 Be7 7. Bd3 O-O 8. O-O
Nc6 9. Re1 Bg4 10. dxc5 Bxc5 11. h3 Bh5 12. Nbd2 Qd6 13. c3 Rfe8 14. Qc2 Rac8
15. Re2 Ne5 16. g4 Nxf3+ 17. Nxf3 Qg3+ 18. Kf1 Qxh3+ 19. Ke1 Qxf3 20. gxh5 Rxe2+
21. Bxe2 Qxf2+ 22. Kd2 Ne4+ 23. Kd1 Qg1+ 0-1

[Event "Ogolnopolska Olimpiada Mlodziezy w Sportach Umyslowych - C14"]
[Site "Walbrzych, Zamek Ksiaz"]
[Date "2013-04-17"]
[Round "7.23"]
[White "Tylenda, Krzysztof"]
[Black "Rudecki, Bartosz"]
[Result "1-0"]
[WhiteTitle "II+"]
[BlackTitle "II"]
[WhiteElo "1507"]
[BlackElo "1649"]

1. e4 d6 2. d4 Nf6 3. Nc3 g6 4. Be3 Bg7 5. f3 c6 6. Qd2 O-O 7. h4 h5 8. Bh6 b5
9. Nh3 a5 10. Bxg7 Kxg7 11. Qg5 Nh7 12. Qg3 Bxh3 13. Qxh3 Nf6 14. g4 b4 15. Ne2
hxg4 16. fxg4 Nxe4 17. h5 Rh8 18. Qe3 Nf6 19. Rh4 Nd5 20. Qh3 g5 21. h6+ Kf8 22.
Rh5 e6 23. Bg2 Nd7 24. Bxd5 cxd5 25. Qh2 Nb6 26. h7 Nc4 27. Rh3 Nxb2 28. Rb3 Nc4
29. Qh6+ Ke8 30. Qg7 Kd7 31. Rf3 Kc6 32. Rxf7 Rf8 33. Re7 Rf3 34. O-O-O Rh3 35.
Rd3 Rh1+ 36. Rd1 Rxd1+ 37. Kxd1 Rc8 38. Rb7 Ne3+ 39. Kc1 Nxg4 40. h8=Q 1-0

[Event "Ogolnopolska Olimpiada Mlodziezy w Sportach Umyslowych - C14"]
[Site "Walbrzych, Zamek Ksiaz"]
[Date "2013-04-17"]
[Round "8.1"]
[White "Tomczak, Mikolaj"]
[Black "Witczak, Jakub"]
[Result "1/2-1/2"]
[WhiteTitle "I+"]
[BlackTitle "II+"]
[WhiteElo "1990"]
[BlackElo "1749"]

1. d4 Nf6 2. c4 e6 3. Nc3 d5 4. Bg5 Be7 5. e3 Nbd7 6. cxd5 exd5 7. Bd3 O-O 8. Nge2
b6 9. O-O Bb7 10. Rc1 c5 11. b3 Ne4 12. Bxe7 Qxe7 13. Re1 Qg5 14. Ng3 Nxg3 15.
hxg3 a6 16. Be2 Bc6 17. Bf3 Rfd8 18. Ne2 Rac8 19. Qd2 Bb7 20. Rc3 Nf6 21. Qc2
cxd4 22. Nxd4 Rxc3 23. Qxc3 Rc8 24. Qb2 Qe5 25. Rc1 Rxc1+ 26. Qxc1 g6 27. Qc2
Qd6 28. Be2 Nd7 29. Bd3 Ne5 30. Qd2 Nxd3 31. Qxd3 Qc5 32. Qd2 Qe7 33. Qc3 Qd6
34. b4 Kf8 35. a3 Ke8 36. Kf1 Kd7 37. Nf3 f6 38. Ke2 Bc6 39. Kd2 Bb7 40. Nd4 Ba8
41. Qd3 Bb7 42. Ne2 Qe5 43. Nc3 Qd6 44. Qd4 Kc7 45. Nd1 Qe5 46. Kc3 Bc6 47. Nb2
Qxd4+ 48. Kxd4 Kd6 49. Nd1 Ba4 50. Nc3 Bb3 51. g4 Ke6 52. g3 Kd6 53. Ne2 Bd1 54.
Nc3 Bb3 55. f4 h6 56. Kd3 Ke6 57. Kd2 Kd6 58. Ne2 Bc4 59. Ng1 Ke6 60. Nf3 Kd6
61. Nh4 Bf1 62. Nxg6 Bh3 63. Nh4 Bxg4 64. Kc3 Ke6 65. Kd4 h5 66. e4 dxe4 67. Kxe4
Bd1 68. Ng2 Bc2+ 69. Kd4 Bb3 70. Ne3 Ba2 71. f5+ Kd6 72. Ng2 Bf7 73. Ne1 Bd5 74.
Nd3 Ba2 75. Nb2 Bb1 76. Na4 Kc6 77. Nc3 Bxf5 78. Nd5 Kb5 79. Kc3 Bg6 80. Nxf6
a5 81. Nd5 axb4+ 82. axb4 Bf7 83. Ne7 Be6 84. Ng6 Bg4 85. Ne5 Be6 86. Nf3 Bg4
87. Nd4+ Ka4 88. Kc4 Bh3 89. Nc6 Bf1+ 90. Kc3 Be2 91. Na7 Bf1 92. Nc8 Kb5 93.
Ne7 Be2 94. Nf5 Bg4 95. Nd4+ Ka4 1/2-1/2

[Event "Ogolnopolska Olimpiada Mlodziezy w Sportach Umyslowych - C14"]
[Site "Walbrzych, Zamek Ksiaz"]
[Date "2013-04-17"]
[Round "8.2"]
[White "Winiarski, Mikolaj"]
[Black "Janik, Igor"]
[Result "1/2-1/2"]
[WhiteTitle "I+"]
[BlackTitle "I+"]
[WhiteElo "2096"]
[BlackElo "1889"]

1. d4 Nf6 2. c4 g6 3. Nc3 Bg7 4. e4 d6 5. f3 O-O 6. Be3 Nbd7 7. Qd2 c5 8. d5 a6
9. h4 Ne5 10. Bd3 e6 11. Nge2 exd5 12. exd5 Re8 13. O-O Nfd7 14. Bg5 f6 15. Bf4
Nxd3 16. Qxd3 Ne5 17. Bxe5 fxe5 18. g3 Bf5 19. Ne4 Bxe4 20. Qxe4 b5 21. Kg2 Qd7
22. Nc3 b4 23. Nd1 Rf8 24. Nf2 a5 25. Qe2 a4 26. Ne4 Bh6 27. Rf2 Rf5 28. Rh1 a3
29. b3 Raf8 30. g4 Rf4 31. g5 Bg7 32. h5 R8f5 33. hxg6 hxg6 34. Kf1 Qe7 35. Rg1
Qf8 36. Rg3 Rh4 37. Kg1 Rff4 38. Rh2 Rxh2 39. Kxh2 Rh4+ 40. Rh3 Qf4+ 41. Kg2 Rxh3
42. Kxh3 Bf8 43. Kg2 Be7 44. Qe1 Kg7 45. Qh1 Bxg5 46. Qh3 Qe3 47. Qd7+ Kh6 48.
Qh3+ Kg7 49. Qd7+ Kh6 50. Qxd6 Qe2+ 51. Nf2 Bh4 52. Qf8+ Kh7 53. Qf7+ Kh6 54.
Qf8+ Kh7 55. Qf7+ Kh6 56. Qf8+ 1/2-1/2

[Event "Ogolnopolska Olimpiada Mlodziezy w Sportach Umyslowych - C14"]
[Site "Walbrzych, Zamek Ksiaz"]
[Date "2013-04-17"]
[Round "8.3"]
[White "Grela, Kacper"]
[Black "Koziol, Kamil"]
[Result "1-0"]
[WhiteTitle "I"]
[BlackTitle "I++"]
[WhiteElo "1979"]
[BlackElo "2006"]

1. e4 d5 2. exd5 Nf6 3. d4 Bg4 4. f3 Bf5 5. Bb5+ c6 6. dxc6 Qa5+ 7. Nc3 Nxc6 8.
Qe2 O-O-O 9. Bxc6 bxc6 10. Qc4 Qb6 11. Nge2 e6 12. O-O Bxc2 13. Be3 Bg6 14. Rac1
Kb7 15. a3 Nd5 16. Bf2 Be7 17. b4 Rc8 18. Ng3 f5 19. Rfe1 Bg5 20. Rcd1 Bf7 21.
Na4 Qb5 22. Nc5+ Kb6 23. Qc2 Kc7 24. Nxf5 exf5 25. Qxf5 Bf6 26. Qd7+ Kb8 27. Qxf7
Ka8 28. a4 Qb6 29. b5 Rhf8 30. Qe6 Rfd8 31. bxc6 Rxc6 32. Qg4 Nc3 33. Rc1 Qb4
34. Rxc3 Qxc3 35. Qe4 Rdc8 36. Qxc6+ 1-0

[Event "Ogolnopolska Olimpiada Mlodziezy w Sportach Umyslowych - C14"]
[Site "Walbrzych, Zamek Ksiaz"]
[Date "2013-04-17"]
[Round "8.4"]
[White "Bilczewski, Kacper"]
[Black "Wisniewski, Michal"]
[Result "1-0"]
[WhiteTitle "I"]
[BlackTitle "I"]
[WhiteElo "1791"]
[BlackElo "1848"]

1. e4 c5 2. c3 g6 3. d4 d5 4. e5 cxd4 5. cxd4 Nc6 6. Nc3 Bg7 7. h3 e6 8. Nb5 Bf8
9. Nf3 a6 10. Nc3 Nge7 11. g4 Bg7 12. Bg2 Bd7 13. O-O h5 14. Na4 Na5 15. Bd2 Nc4
16. Nc5 Bb5 17. Bc3 b6 18. Nd3 hxg4 19. hxg4 Rc8 20. a4 Bd7 21. Qe1 Nc6 22. Nf4
N6a5 23. Qd1 Nc6 24. Qe1 N6a5 25. Qd1 Nb7 26. Qd3 Rh6 27. b3 Nca5 28. Bd2 b5 29.
Nh3 Rh8 30. Bg5 Qb6 31. Nf4 bxa4 32. bxa4 Nb3 33. Rfb1 N7a5 34. Nxg6 Rg8 35. Ne7
Rh8 36. Nxc8 Bxc8 37. Ra3 Qc6 38. Raxb3 Nxb3 39. Qxb3 Kd7 1-0

[Event "Ogolnopolska Olimpiada Mlodziezy w Sportach Umyslowych - C14"]
[Site "Walbrzych, Zamek Ksiaz"]
[Date "2013-04-17"]
[Round "8.5"]
[White "Adamczewski, Maciej"]
[Black "Januszkiewicz, Wojciech"]
[Result "0-1"]
[WhiteTitle "I"]
[BlackTitle "I"]
[WhiteElo "1810"]
[BlackElo "1729"]

1. d4 Nf6 2. c4 e6 3. Nf3 b6 4. Nc3 Bb4 5. Bd2 Bb7 6. a3 Bxc3 7. Bxc3 O-O 8. g3
Ne4 9. Qc2 d5 10. cxd5 exd5 11. Bg2 Nd7 12. O-O Rc8 13. Rac1 Re8 14. Qd3 Qe7 15.
Rfe1 Qe6 16. Bd2 c5 17. Be3 h6 18. Red1 Red8 19. Ne1 Re8 20. Bf3 Ndf6 21. Ng2
g5 22. h4 c4 23. Qb1 Qd6 24. Bxe4 Nxe4 25. Rc3 Rc6 26. Qc1 Qf6 27. Rc2 Qf5 28.
g4 Qxg4 29. f3 Qh3 30. fxe4 Rxe4 31. Rf1 Rg4 32. Rf2 Rf6 33. Qf1 Qxe3 34. Rc3
Qxd4 35. e3 Rxf2 36. Qxf2 Qd1+ 37. Qf1 Qxf1+ 38. Kxf1 Rxg2 39. Kxg2 d4+ 40. Kf2
dxc3 0-1

[Event "Ogolnopolska Olimpiada Mlodziezy w Sportach Umyslowych - C14"]
[Site "Walbrzych, Zamek Ksiaz"]
[Date "2013-04-17"]
[Round "8.6"]
[White "Pham, Juliusz"]
[Black "Klepek, Witold"]
[Result "1-0"]
[WhiteTitle "I"]
[BlackTitle "I"]
[WhiteElo "1795"]
[BlackElo "1739"]

1. e4 c5 2. c3 d5 3. exd5 Qxd5 4. d4 Nf6 5. Nf3 e6 6. Na3 Qd8 7. Nc2 Nc6 8. Bc4
Be7 9. O-O O-O 10. dxc5 Bxc5 11. Be3 Bxe3 12. Nxe3 Qc7 13. Bb3 a6 14. Qe2 Na5
15. Bc2 b5 16. Rad1 Bb7 17. Nd4 Rfd8 18. Ng4 Nxg4 19. Qxg4 Nc4 20. Rd3 Ne5 21.
Qf4 Rac8 22. Rh3 Ng6 23. Qg4 Nf8 24. Re1 g6 25. Rhe3 b4 26. Bb3 bxc3 27. bxc3
Bd5 28. f4 Qa5 29. Qg3 Rd7 30. f5 exf5 31. Qe5 Qc7 32. Bxd5 Qxe5 33. Rxe5 Rxc3
34. Nf3 Kg7 35. Bb3 h6 36. Re7 Kf6 37. Rxd7 Nxd7 38. Re2 Rc1+ 39. Kf2 Nc5 40.
Bd5 f4 41. Rd2 g5 42. Nd4 Ne6 43. Nb3 Rc7 44. Bf3 Ke7 45. Ke2 f5 46. h3 Ng7 47.
Kd1 h5 48. Be2 Rc6 49. Rd4 Ne6 50. Rd5 Ng7 51. Bd3 g4 52. Bxf5 f3 53. gxf3 g3
54. Be4 Ne6 55. Rd2 Rd6 56. Rxd6 g2 57. Rxe6+ Kxe6 58. Nd4+ 1-0

[Event "Ogolnopolska Olimpiada Mlodziezy w Sportach Umyslowych - C14"]
[Site "Walbrzych, Zamek Ksiaz"]
[Date "2013-04-17"]
[Round "8.7"]
[White "Janiszewski, Filip"]
[Black "Wacior, Maciej"]
[Result "1-0"]
[WhiteTitle "I"]
[BlackTitle "II+"]
[WhiteElo "1745"]
[BlackElo "1703"]

1. d4 c6 2. c4 d5 3. Nc3 Nf6 4. e3 Bg4 5. Qb3 Qb6 6. c5 Qxb3 7. axb3 e5 8. b4 exd4
9. exd4 Be7 10. h3 Bf5 11. Nf3 O-O 12. Be2 Ne4 13. b5 Rd8 14. Na4 Nd7 15. bxc6
bxc6 16. Bf4 Nf8 17. Ne5 Bf6 18. Nxc6 Rdc8 19. Ne5 Ne6 20. Be3 Bxe5 21. dxe5 d4
22. Bd2 N6xc5 23. Nxc5 Rxc5 24. g4 Bg6 25. f4 Nxd2 26. Kxd2 Be4 27. Rhc1 Rd5 28.
Bd3 Bxd3 29. Kxd3 Rb5 30. Rxa7 Rf8 31. Rc2 Rb3+ 32. Kxd4 Rxh3 33. b4 Rf3 34. b5
Rxf4+ 35. Kc5 f6 36. b6 fxe5 37. b7 R4f7 38. Kb6 Rf6+ 39. Rc6 Rf1 40. Ra8 Rb1+
41. Kc7 Rxb7+ 42. Kxb7 Rxa8 43. Kxa8 Kf7 44. Kb7 e4 45. Kb6 e3 46. Rc3 Kg6 47.
Rxe3 Kg5 48. Rg3 g6 49. Kc5 h5 50. gxh5+ Kxh5 51. Kd4 1-0